000 00567nam a22002171 4500
001 3590240
005 20180205075702.0
008 740605s1967 nyu b 000 0 eng
010 _a 67025460
040 _aDLC
_cDLC
_dDLC
041 _aeng
043 _an-us---
080 _a917.303 GUT
082 0 0 _a917.303 GUT
100 1 _a16
101 _aHIS
245 1 4 _aThe conservative tradition in America.
504 _aBibliographical references included in "Notes" (p. 181-203)
906 _a7
_bcbc
_corignew
_du
_eocip
_f19
_gy-gencatlg
942 _2ddc
_cBK
999 _c41796
_d41796